| 000 | 00706nam a2200193Ia 4500 | ||
|---|---|---|---|
| 003 | GCL | ||
| 008 | 140319s9999 xx 000 0 ara d | ||
| 040 |
_aGCL / _cGCL |
||
| 082 | 0 | 4 |
_a630.62 _bا م |
| 245 | 1 | 0 | _aالمسألة الفلاحية والزراعية فى مصر : ابحاث ومناقشات الندوة التى عقدت بالقاهرة 28 - 29 ابريل 1991 |
| 300 | _a340 ص | ||
| 490 |
_aالهيئة العامة للاستعلامات _v0 |
||
| 650 | 0 | 4 | _aالزراعة |
| 650 | 0 | 4 | _aالعمال الزراعيون |
| 650 | 0 | 4 | _aالاقتصاد الزراعى |
| 650 | 0 | 4 | _aالزراعة - مصر |
| 650 | 0 | 4 | _aمصر - الاحوال الاجتماعية |
| 942 |
_2ddc _cBK |
||
| 999 |
_c48597 _d48597 |
||